Capitals of Europe Minefield Quiz Stats

 Plays Quiz not verified by Sporcle

Score 0/47 Timer 05:00
0 Plays Today
Country Capitals % Correct
Russia???
66.5%
France???
65.8%
Germany???
65.8%
Belgium???
65.5%
Ireland???
65.5%
Spain???
65.5%
United Kingdom???
65.5%
Luxembourg???
65.1%
Greece???
64.7%
Italy???
64%
Switzerland???
64%
Turkey???
64%
Austria???
63.7%
Czech Republic???
63.7%
Netherlands???
63.7%
Sweden???
63.7%
Vatican City???
63.7%
Poland???
63.7%
Denmark???
63.3%
Finland???
63.3%
Norway???
63.3%
Portugal???
63.3%
Hungary???
62.9%
Monaco???
61.9%
Country Capitals % Correct
San Marino???
61.2%
Ukraine???
61.2%
Bulgaria???
60.8%
Romania ???
59.4%
Iceland???
57.9%
Cyprus???
57.2%
Croatia???
56.8%
Belarus???
56.1%
Andorra???
54%
Estonia???
53.6%
Malta???
53.2%
Bosnia and Herzegovina???
52.9%
Latvia???
52.9%
Lithuania???
52.9%
Albania???
52.2%
Liechtenstein???
51.4%
Serbia???
50.7%
Slovakia???
50.4%
Macedonia???
50%
Slovenia???
48.6%
Moldova???
45.3%
Kosovo???
44.2%
Montenegro???
41%

You're not logged in!

Compare scores with friends on all Sporcle quizzes.
OR
Log In

Show Comments

Extras

Top Quizzes Today


Score Distribution

Your Account Isn't Verified!

In order to create a playlist on Sporcle, you need to verify the email address you used during registration. Go to your Sporcle Settings to finish the process.

Report this User

Report this user for behavior that violates our Community Guidelines.

Details: